Manual of ICU procedures (Record no. 31967)

MARC details
000 -LEADER
fixed length control field 00674nam a2200169 a 4500
008 - FIXED-LENGTH DATA ELEMENTS--GENERAL INFORMATION
fixed length control field 191129s2016 ||||||||||||||||| || u
020 ## - INTERNATIONAL STANDARD BOOK NUMBER
International Standard Book Number 9789351524229
050 ## - LIBRARY OF CONGRESS CALL NUMBER
Classification number RC 86.8 Gur
100 ## - MAIN ENTRY--PERSONAL NAME
Personal name Gurjar, Mohan
245 10 - TITLE STATEMENT
Title Manual of ICU procedures
Statement of responsibility, etc. Edited by Mohan Gurjar
260 ## - PUBLICATION, DISTRIBUTION, ETC.
Place of publication, distribution, etc. New Delhi
Name of publisher, distributor, etc. Jaypee Brothers Medical Publishers (P) Ltd
Date of publication, distribution, etc. 2016
300 ## - PHYSICAL DESCRIPTION
Extent xxvi, 717 pages : illustrations
350 ## -
-- 57.22
650 ## - SUBJECT ADDED ENTRY--TOPICAL TERM
Topical term or geographic name entry element CRITICAL CARE MEDICINE
650 ## - SUBJECT ADDED ENTRY--TOPICAL TERM
Topical term or geographic name entry element INTENSIVE CARE UNITS
995 ## -
-- MEDICAL LIBRARY OPEN ACCESS
-- 904563
-- CBU-SCHOOL OF MEDICINE LIBRARY (Ndola)
-- 57.22
-- RC 86.8 Gur
-- 1
-- AVAILABLE
-- Dec 13, 2019
-- 904563
-- Medical Library Open Access Collection
999 ## -
-- 31967
-- 31967
Holdings
Withdrawn status Lost status Source of classification or shelving scheme Damaged status Not for loan Permanent Location Current Location Shelving location Date acquired Total Checkouts Full call number Barcode Date last seen Price effective from Koha item type
          CBU-SCHOOL OF MEDICINE LIBRARY, NDOLA. CBU-SCHOOL OF MEDICINE LIBRARY, NDOLA.   11/30/2022   RC 86.8 Gur 904563 11/30/2022 11/30/2022 MONOGRAPH